[Event "Women's Speed Chess Q1"]
[Site "chess.com INT"]
[Date "2020.06.18"]
[Round "5"]
[White "Morales Flores, Monserrat"]
[Black "Chitlange, Sakshi"]
[Result "0-1"]
[WhiteTitle "WCM"]
[BlackTitle "WIM"]
[WhiteElo "1974"]
[BlackElo "2167"]
[WhiteFideId "3412016"]
[BlackFideId "35002899"]
[EventDate "2020.06.18"]

1. e4 c6 2. d4 d5 3. Nc3 dxe4 4. Nxe4 Nf6 5. Nxf6+ exf6 6. Nf3 Bd6 7. Bd3 O-O 8.
c3 Re8+ 9. Be3 Bg4 10. O-O Nd7 11. h3 Bh5 12. b4 Nf8 13. a4 Bc7 14. Be2 Qd6 15.
g3 Rxe3 16. Kg2 Bxf3+ 17. Bxf3 Re7 18. Qc2 Ng6 19. Rfe1 Rae8 20. Qd2 Re6 21. b5
c5 22. Bxb7 Rxe1 23. Rxe1 Rxe1 24. Qxe1 cxd4 25. cxd4 Qxd4 26. Qe8+ Nf8 27. Qa8
Bb6 0-1

[Event "Women's Speed Chess Q1"]
[Site "chess.com INT"]
[Date "2020.06.18"]
[Round "5"]
[White "Kubicka, Anna"]
[Black "Frayna, Janelle Mae"]
[Result "1-0"]
[WhiteTitle "WIM"]
[BlackTitle "WGM"]
[WhiteElo "2256"]
[BlackElo "2179"]
[WhiteFideId "1152254"]
[BlackFideId "5212499"]
[EventDate "2020.06.18"]

1. e4 Nf6 2. e5 Nd5 3. d4 d6 4. c4 Nb6 5. exd6 cxd6 6. Nc3 g6 7. Bd3 Bg7 8. Nge2
O-O 9. Be3 d5 10. c5 Nc4 11. Bc1 b6 12. b3 Na5 13. cxb6 axb6 14. O-O Ba6 15. Bf4
Bxd3 16. Qxd3 e6 17. Rac1 Na6 18. Qg3 Qd7 19. Be5 f6 20. Bf4 Rfe8 21. Na4 Qb7
22. Bc7 Nxc7 23. Rxc7 Qa6 24. Nf4 Ra7 25. Rfc1 Re7 26. Rc8+ Kf7 27. h4 Ra8 28.
Rxa8 Qxa8 29. Nxb6 Qa7 30. Nc8 Qxd4 31. Nxe7 1-0

[Event "Women's Speed Chess Q1"]
[Site "chess.com INT"]
[Date "2020.06.18"]
[Round "5"]
[White "Tomilova, Elena"]
[Black "Nguyen, Hong Anh"]
[Result "1-0"]
[WhiteTitle "WGM"]
[BlackTitle "WIM"]
[WhiteElo "2353"]
[BlackElo "1970"]
[WhiteFideId "4162340"]
[BlackFideId "12406732"]
[EventDate "2020.06.18"]

1. d4 Nf6 2. Bg5 Ne4 3. Bf4 c5 4. f3 Qa5+ 5. c3 Nf6 6. d5 e6 7. e4 Qb6 8. b3
exd5 9. exd5 d6 10. c4 Be7 11. Nc3 Bd7 12. Bd3 O-O 13. Nge2 Nh5 14. Bd2 Bh4+ 15.
g3 Be7 16. Qc2 h6 17. O-O-O Na6 18. a3 Nc7 19. g4 Nf6 20. h4 Qa6 21. a4 b5 22.
axb5 Qa1+ 23. Nb1 a6 24. Bc3 1-0

[Event "Women's Speed Chess Q1"]
[Site "chess.com INT"]
[Date "2020.06.18"]
[Round "5"]
[White "Bouah, Denise"]
[Black "Munkhzul, Davaakhuu"]
[Result "0-1"]
[WhiteTitle "WIM"]
[BlackTitle "WFM"]
[WhiteElo "1770"]
[BlackElo "1991"]
[WhiteFideId "14300818"]
[BlackFideId "4902815"]
[EventDate "2020.06.18"]

1. e4 e5 2. Nf3 Nc6 3. Bb5 a6 4. Ba4 Nf6 5. Qe2 b5 6. Bb3 Bc5 7. c3 d6 8. O-O
O-O 9. d3 Bg4 10. h3 Bh5 11. Nbd2 Re8 12. Re1 d5 13. exd5 Nxd5 14. Qe4 Nce7 15.
Qxe5 Bg6 16. d4 Bd6 17. Qg5 Nf4 18. Ne5 Bxe5 19. dxe5 Nd3 20. Re2 c5 21. c4 Nc6
22. cxb5 Qxg5 23. Nf3 Qe7 24. Bf4 Nxf4 0-1

[Event "Women's Speed Chess Q1"]
[Site "chess.com INT"]
[Date "2020.06.18"]
[Round "5"]
[White "Mendoza, Shania Mae"]
[Black "Zakirova, Aisha"]
[Result "1-0"]
[WhiteTitle "WFM"]
[BlackTitle "WCM"]
[WhiteElo "2158"]
[BlackElo "1585"]
[WhiteFideId "5211158"]
[BlackFideId "13719734"]
[EventDate "2020.06.18"]

1. e4 c5 2. Nf3 d6 3. g3 Nc6 4. Bg2 g6 5. O-O Bg7 6. h3 Nf6 7. Re1 O-O 8. c3 Rb8
9. d4 cxd4 10. cxd4 b5 11. Nc3 b4 12. Nd5 Bb7 13. Bg5 Nd7 14. Qd2 Qe8 15. e5
dxe5 16. dxe5 Nb6 17. Nxb6 axb6 18. Bh6 Rd8 19. Qf4 Qd7 20. Qh4 Rfe8 21. Ng5 Bh8
22. Nxf7 Rc8 23. Rad1 Qf5 24. Bd5 e6 25. Nd6 exd5 26. Nxf5 Nxe5 27. Ne7+ Kf7 28.
Nxc8 Nf3+ 29. Kh1 Rxe1+ 30. Rxe1 Nxh4 31. Nd6+ Kf6 32. Nxb7 Nf3 33. Re8 1-0

[Event "Women's Speed Chess Q1"]
[Site "chess.com INT"]
[Date "2020.06.18"]
[Round "5"]
[White "Sargsyan, Anna M."]
[Black "Toncheva, Nadya"]
[Result "0-1"]
[WhiteTitle "WGM"]
[BlackTitle "WFM"]
[WhiteElo "2405"]
[BlackElo "2064"]
[WhiteFideId "13308130"]
[BlackFideId "2924056"]
[EventDate "2020.06.18"]

1. d4 d5 2. c4 dxc4 3. e3 Nf6 4. Bxc4 e6 5. b3 a6 6. Bb2 b5 7. Bd3 Bb7 8. Nf3
Nbd7 9. O-O c5 10. Nbd2 Be7 11. Rc1 O-O 12. Qe2 Rc8 13. Bb1 Qb6 14. dxc5 Nxc5
15. Ne5 Rfd8 16. Ndf3 Nce4 17. Nd4 Bd6 18. Nef3 Bb8 19. h3 Qd6 20. Rfd1 Rxc1 21.
Rxc1 Ng5 22. Kf1 Nxf3 23. Nxf3 Ne4 24. Bd4 Qe7 25. Bd3 h6 26. Kg1 Ng5 27. Ne5
Bxe5 28. Bxe5 Nxh3+ 29. gxh3 Qg5+ 30. Bg3 Qd5 0-1

[Event "Women's Speed Chess Q1"]
[Site "chess.com INT"]
[Date "2020.06.18"]
[Round "5"]
[White "Nikulina, Alena"]
[Black "Petrova, Irina"]
[Result "0-1"]
[WhiteTitle "WFM"]
[BlackTitle "WIM"]
[WhiteElo "1887"]
[BlackElo "2087"]
[WhiteFideId "4172051"]
[BlackFideId "14124122"]
[EventDate "2020.06.18"]

1. e4 d6 2. d4 Nf6 3. Nc3 e5 4. dxe5 dxe5 5. Qxd8+ Kxd8 6. Be3 Be6 7. O-O-O+
Nbd7 8. f3 a6 9. g4 h6 10. Nge2 b5 11. Ng3 c6 12. Nf5 Kc7 13. h3 g6 14. Ng3 Bc5
15. Bxc5 Nxc5 16. Be2 b4 17. Nb1 Bxa2 18. b3 Bxb1 19. Kxb1 a5 20. Bc4 Rhf8 21.
Ne2 a4 22. bxa4 Rxa4 23. Kb2 Ra3 24. Rhf1 Na4+ 25. Kb1 Rb8 26. Bb3 Nd7 27. Bxf7
Nc3+ 28. Kb2 Nxe2 29. Bxg6 Rba8 30. Bf7 Nc5 31. Bc4 Na4+ 0-1

[Event "Women's Speed Chess Q1"]
[Site "chess.com INT"]
[Date "2020.06.18"]
[Round "5"]
[White "Ambartsumova, Karina"]
[Black "Alboredo, Julia"]
[Result "1-0"]
[WhiteTitle "IM"]
[BlackTitle "WFM"]
[WhiteElo "2371"]
[BlackElo "2182"]
[WhiteFideId "4166299"]
[BlackFideId "2124807"]
[EventDate "2020.06.18"]

1. e4 c5 2. Nf3 d6 3. d4 cxd4 4. Nxd4 Nf6 5. Nc3 g6 6. Be3 Bg7 7. f3 O-O 8. Bc4
Nc6 9. Bb3 Bd7 10. h4 h5 11. Qd2 Rc8 12. O-O-O Ne5 13. Bg5 Rc5 14. g4 hxg4 15.
h5 Nxh5 16. Rxh5 gxh5 17. Qh2 Qa5 18. Nd5 Rxd5 19. exd5 gxf3 20. Qxh5 Bg4 21.
Qh4 f2 22. Rh1 f6 23. Bd2 Qb6 24. Ne6 f1=Q+ 25. Rxf1 Bxe6 26. dxe6 Rc8 27. Rh1
Qd4 28. Qxd4 1-0

[Event "Women's Speed Chess Q1"]
[Site "chess.com INT"]
[Date "2020.06.18"]
[Round "5"]
[White "Reyes Jara, Paula"]
[Black "Ouellet, Maili-Jade"]
[Result "0-1"]
[WhiteTitle "WFM"]
[BlackTitle "WGM"]
[WhiteElo "1871"]
[BlackElo "2257"]
[WhiteFideId "3403920"]
[BlackFideId "2620472"]
[EventDate "2020.06.18"]

1. e4 c5 2. Nf3 d6 3. d4 cxd4 4. Nxd4 Nf6 5. Nc3 a6 6. Be2 e5 7. Nb3 Be6 8. O-O
Be7 9. Bf3 O-O 10. Nd5 Nxd5 11. exd5 Bf5 12. Be3 Nd7 13. c4 Rc8 14. Nd2 Bg6 15.
Rc1 f5 16. Bh5 f4 17. Bxg6 hxg6 18. Bd4 exd4 19. Qg4 Ne5 20. Qe6+ Rf7 21. c5 Nd3
22. Rc4 Nxc5 23. Qxg6 Bf6 24. Nf3 b5 25. Rc2 d3 26. Rd2 b4 27. h4 Qe8 28. h5 Re7
29. Qg4 Re2 30. Qxf4 Rxd2 31. Nxd2 Qxh5 32. Qxd6 Bxb2 33. Nb3 Be5 34. Qb6 Qh2# 0-1

[Event "Women's Speed Chess Q1"]
[Site "chess.com INT"]
[Date "2020.06.18"]
[Round "5"]
[White "Enkhtuul, Altan-Ulzii"]
[Black "Idrisova, Roza"]
[Result "1-0"]
[WhiteTitle "WGM"]
[BlackTitle "WFM"]
[WhiteElo "2228"]
[BlackElo "1960"]
[WhiteFideId "4901444"]
[BlackFideId "4146662"]
[EventDate "2020.06.18"]

1. b4 d5 2. Bb2 c6 3. e3 Bf5 4. Nf3 e6 5. a3 h6 6. d4 Nf6 7. c4 Be7 8. Be2 O-O
9. O-O a5 10. b5 cxb5 11. cxb5 Nbd7 12. Nbd2 Nb6 13. Rc1 Ne4 14. Nb3 a4 15. Nc5
Nxc5 16. dxc5 Nd7 17. c6 bxc6 18. bxc6 Nc5 19. Nd4 Bg6 20. f4 Be4 21. Bc3 Nb3
22. Nxb3 axb3 23. Qxb3 Rxa3 24. Qb2 f6 25. Bg4 Kf7 26. Bd4 Qa8 27. Rf2 Rc8 28.
c7 Ra6 29. Qb5 f5 30. Bh5+ g6 31. Bf3 Bxf3 32. Rxf3 Ra2 33. Qd7 Qa6 34. Rc6 Qe2
35. Qxe6+ Kf8 36. Qxc8+ Kf7 37. Qe6+ Ke8 38. c8=Q# 1-0

[Event "Women's Speed Chess Q1"]
[Site "chess.com INT"]
[Date "2020.06.18"]
[Round "5"]
[White "Cyfka, Karina"]
[Black "Schulze, Lara"]
[Result "1-0"]
[WhiteTitle "IM"]
[BlackTitle "FM"]
[WhiteElo "2411"]
[BlackElo "2314"]
[WhiteFideId "1122681"]
[BlackFideId "12956830"]
[EventDate "2020.06.18"]

1. d4 Nf6 2. c4 e6 3. Nf3 b6 4. g3 Ba6 5. b3 Bb4+ 6. Bd2 Be7 7. Bg2 d5 8. O-O
O-O 9. Qc2 Bb7 10. Nc3 Nbd7 11. cxd5 exd5 12. Rac1 c5 13. Bf4 Rc8 14. Nb5 a6 15.
Nd6 Bxd6 16. Bxd6 Re8 17. dxc5 bxc5 18. Nh4 Re6 19. Bf4 Nf8 20. Bh3 d4 21. Bxe6
Nxe6 22. Be5 Qd5 23. Nf3 d3 24. Qxd3 Qxd3 25. exd3 Bxf3 26. d4 Nd7 27. Rfe1 f6
28. Bxf6 Kf7 29. Be5 Re8 30. dxc5 Nexc5 31. Bd4 Rxe1+ 32. Rxe1 Nd3 33. Re3 1-0

[Event "Women's Speed Chess Q1"]
[Site "chess.com INT"]
[Date "2020.06.18"]
[Round "5"]
[White "Allahverdiyeva, Ayan"]
[Black "Bommini, Mounika Akshaya"]
[Result "1-0"]
[WhiteTitle "WFM"]
[BlackTitle "WFM"]
[WhiteElo "2088"]
[BlackElo "2029"]
[WhiteFideId "13412590"]
[BlackFideId "25019872"]
[EventDate "2020.06.18"]

1. e4 c5 2. Nf3 d6 3. d4 cxd4 4. Nxd4 Nf6 5. Nc3 a6 6. Be3 e5 7. Nb3 Be6 8. f3
b5 9. Qd2 Be7 10. g4 O-O 11. g5 Nh5 12. O-O-O Nd7 13. Nd5 Bxd5 14. exd5 Nb6 15.
Na5 Na4 16. Nc6 Qc7 17. Nxe7+ Qxe7 18. b3 Nc5 19. Bxc5 dxc5 20. d6 Qd7 21. Qd5
Rfe8 22. Bh3 Qxh3 23. d7 Rad8 24. dxe8=Q+ Rxe8 25. Qxe5 Rc8 26. Qe7 g6 27. Rd7
Rf8 28. Rhd1 Qe6 29. Qxe6 fxe6 30. Ra7 Rxf3 31. Rd8+ Rf8 32. Rdd7 c4 33. Kd2 1-0

[Event "Women's Speed Chess Q1"]
[Site "chess.com INT"]
[Date "2020.06.18"]
[Round "5"]
[White "Paramzina, Anastasya"]
[Black "Ning, Kaiyu"]
[Result "0-1"]
[WhiteTitle "WGM"]
[BlackTitle "WIM"]
[WhiteElo "2209"]
[BlackElo "2327"]
[WhiteFideId "4165012"]
[BlackFideId "8614750"]
[EventDate "2020.06.18"]

1. e4 e6 2. d3 d5 3. Nd2 Nc6 4. f4 dxe4 5. Nxe4 Nf6 6. Nxf6+ Qxf6 7. Nf3 b6 8.
g4 Bb7 9. Bg2 Bc5 10. c3 O-O-O 11. d4 Bxd4 12. Nxd4 Qh4+ 13. Kf1 Ba6+ 14. Kg1
Nxd4 15. cxd4 Rxd4 16. Bd2 Rhd8 17. Qf3 Rxd2 18. Qa8+ Kd7 19. Qc6+ Ke7 20. h3
Qf2+ 21. Kh2 Qxf4+ 0-1

[Event "Women's Speed Chess Q1"]
[Site "chess.com INT"]
[Date "2020.06.18"]
[Round "5"]
[White "Dubnikova, Anastasia"]
[Black "Miroshnik, Ekaterina"]
[Result "0-1"]
[WhiteTitle "WFM"]
[BlackTitle "WFM"]
[WhiteElo "2148"]
[BlackElo "2139"]
[WhiteFideId "44153759"]
[BlackFideId "34127698"]
[EventDate "2020.06.18"]

1. Nf3 e6 2. c4 Nf6 3. Nc3 d5 4. d4 Be7 5. Bg5 O-O 6. e3 h6 7. Bh4 b6 8. Rc1 Bb7
9. Bd3 c5 10. O-O Nc6 11. dxc5 bxc5 12. Bxf6 Bxf6 13. cxd5 Nb4 14. d6 Bxf3 15.
gxf3 Be5 16. Ne4 f5 17. Nxc5 Qh4 18. f4 Bxd6 19. Bc4 Bxc5 20. Bxe6+ Kh8 21. Rxc5
Rad8 22. Qf3 Qe7 23. Rb5 Qxe6 24. Rxb4 Qxa2 25. Rb7 Qa6 26. Rc1 Rf6 27. h3 Rg6+
28. Kh2 Kh7 29. Rf7 Qe6 30. Rcc7 Rd2 31. Rxa7 Qc4 32. Qg2 Rxg2+ 33. Kxg2 Qe2 34.
Rxg7+ Kh8 35. Rh7+ Kg8 36. Rag7+ Kf8 37. Rf7+ Ke8 38. Re7+ Kd8 0-1

[Event "Women's Speed Chess Q1"]
[Site "chess.com INT"]
[Date "2020.06.18"]
[Round "5"]
[White "Mohota, Nisha"]
[Black "Kiolbasa, Oliwia"]
[Result "0-1"]
[WhiteTitle "IM"]
[BlackTitle "WIM"]
[WhiteElo "2195"]
[BlackElo "2160"]
[WhiteFideId "5004330"]
[BlackFideId "1154613"]
[EventDate "2020.06.18"]

1. Nf3 Nf6 2. g3 g6 3. Bg2 Bg7 4. O-O O-O 5. d4 d5 6. Ne5 Bf5 7. c4 c6 8. Nc3
Ne4 9. Nxe4 Bxe4 10. cxd5 Bxg2 11. Kxg2 Qxd5+ 12. Nf3 Rd8 13. Be3 Nd7 14. Qc2
Nf6 15. h3 Rac8 16. Rfd1 Qe4 17. Qb3 b6 18. Kh2 Nd5 19. Rd3 h5 20. Ng5 Qf5 21.
Rf1 Nxe3 22. Rxe3 Qxg5 23. Rf3 Qd5 24. Qa3 Rd7 25. Rd1 c5 26. Rc3 Rcd8 27. e3
cxd4 28. exd4 Bxd4 29. Rcd3 e5 30. Kg1 Qe6 31. R1d2 Bc5 32. Qc3 Rxd3 33. Rxd3
Rxd3 34. Qxd3 Qxh3 35. a3 Qf5 36. Qc3 Qxf2+ 0-1

[Event "Women's Speed Chess Q1"]
[Site "chess.com INT"]
[Date "2020.06.18"]
[Round "5"]
[White "Cramling, Pia"]
[Black "Zhukova, Natalia"]
[Result "1-0"]
[WhiteTitle "GM"]
[BlackTitle "GM"]
[WhiteElo "2464"]
[BlackElo "2328"]
[WhiteFideId "1700030"]
[BlackFideId "14101513"]
[EventDate "2020.06.18"]

1. Nf3 d5 2. c4 e6 3. g3 Nf6 4. Bg2 c5 5. d4 Nc6 6. O-O Be7 7. cxd5 Nxd5 8. dxc5
Bxc5 9. Qc2 Be7 10. Rd1 Bd7 11. a3 Rc8 12. Qd3 Bf6 13. e4 Nb6 14. Nc3 Qe7 15.
Bf4 e5 16. Be3 Be6 17. b4 Bg4 18. h3 Bxf3 19. Bxf3 Qe6 20. Bg4 Qe7 21. Bxb6 1-0

[Event "Women's Speed Chess Q1"]
[Site "chess.com INT"]
[Date "2020.06.18"]
[Round "5"]
[White "Tarini, Goyal"]
[Black "Koridze, Lile"]
[Result "0-1"]
[WhiteTitle "WFM"]
[BlackTitle "WFM"]
[WhiteElo "2164"]
[BlackElo "1996"]
[WhiteFideId "5082749"]
[BlackFideId "13612514"]
[EventDate "2020.06.18"]

1. d4 Nf6 2. c4 e6 3. g3 d5 4. Nf3 Bb4+ 5. Bd2 Be7 6. Bg2 O-O 7. O-O c6 8. Qc2
b6 9. b3 Bb7 10. Nc3 Nbd7 11. e4 dxe4 12. Nxe4 c5 13. Nxf6+ Nxf6 14. Rad1 Qc7
15. Bf4 Qc8 16. Bg5 Rd8 17. dxc5 Qxc5 18. Be3 Qc8 19. Rxd8+ Qxd8 20. Rd1 Qc8 21.
Bd4 Be4 22. Qd2 Qb7 23. Ne1 Bxg2 24. Nxg2 Rd8 25. Qe2 h6 26. Ne3 Qe4 27. Bc3
Rxd1+ 28. Qxd1 a6 29. Qd4 Qb1+ 30. Kg2 b5 31. cxb5 axb5 32. Bb4 e5 33. Qc3 Qe4+
34. f3 Qxb4 35. Qc8+ Bf8 0-1

[Event "Women's Speed Chess Q1"]
[Site "chess.com INT"]
[Date "2020.06.18"]
[Round "5"]
[White "Nithyalakshmi, Sivanesan"]
[Black "Martynkova, Olena"]
[Result "1-0"]
[WhiteTitle "WCM"]
[BlackTitle "WIM"]
[WhiteElo "1945"]
[BlackElo "2222"]
[WhiteFideId "5706955"]
[BlackFideId "14134039"]
[EventDate "2020.06.18"]

1. d4 Nf6 2. c4 g6 3. Nc3 Bg7 4. e4 d6 5. h3 O-O 6. Nf3 e5 7. d5 a5 8. g4 Na6 9.
Be3 Nc5 10. Nd2 c6 11. Be2 Bd7 12. h4 a4 13. h5 Qa5 14. Qc2 cxd5 15. Bxc5 Qxc5
16. cxd5 Nxg4 17. Bxg4 Bxg4 18. h6 Bh8 19. Qd3 Bd7 20. Qe3 Qxe3+ 21. fxe3 b5 22.
a3 Bf6 23. Ke2 Bd8 24. Rac1 Bb6 25. Na2 Bc5 26. Kd3 Rac8 27. Nb4 Bxb4 28. axb4
Rxc1 29. Rxc1 Rc8 30. Rc3 f5 31. Nb1 fxe4+ 32. Ke2 Rxc3 33. Nxc3 Bg4+ 34. Kf2
Bc8 35. Nxb5 Bb7 36. Nxd6 Bxd5 37. b5 Kf8 38. b6 Ke7 39. b7 Bxb7 40. Nxb7 Kf6
41. Nc5 Kg5 42. Nxa4 Kxh6 43. b4 Kg5 44. b5 Kf6 45. b6 1-0

[Event "Women's Speed Chess Q1"]
[Site "chess.com INT"]
[Date "2020.06.18"]
[Round "5"]
[White "Tian, Shi Yuan"]
[Black "Shvedova, Alexandra"]
[Result "0-1"]
[WhiteTitle "WFM"]
[BlackTitle "WFM"]
[WhiteElo "1868"]
[BlackElo "1994"]
[WhiteFideId "2623960"]
[BlackFideId "54154782"]
[EventDate "2020.06.18"]

1. e4 e5 2. Nf3 Nc6 3. Bb5 Nf6 4. O-O Nxe4 5. Re1 Nd6 6. Bxc6 dxc6 7. Nxe5 Be7
8. d4 O-O 9. h3 Be6 10. Bf4 Re8 11. c3 Bf8 12. Nd2 f6 13. Nef3 Qd7 14. Bh2 b6
15. a3 Nf5 16. Ne4 Bd5 17. Nfd2 Nd6 18. Nxd6 Bxd6 19. Bxd6 Qxd6 20. Qg4 Re7 21.
Qg3 Rae8 22. Rxe7 Qxe7 23. Nf3 Qe2 24. Nh4 Qxb2 25. Rf1 Bc4 26. Qxc7 Qb5 27. Rd1
Qh5 28. f3 Qxh4 29. Qxc6 Bf7 30. d5 Re2 31. Rf1 Qg3 32. Qc8+ Be8 33. Qg4 Rxg2+ 0-1

[Event "Women's Speed Chess Q1"]
[Site "chess.com INT"]
[Date "2020.06.18"]
[Round "5"]
[White "Karnaukhova, Elmira"]
[Black "Bogumil, Tatiana"]
[Result "1-0"]
[WhiteTitle "WGM"]
[BlackTitle "WGM"]
[WhiteElo "2319"]
[BlackElo "2182"]
[WhiteFideId "4148827"]
[BlackFideId "4110579"]
[EventDate "2020.06.18"]

1. d4 Nf6 2. Bg5 Ne4 3. Bh4 d5 4. f3 Nd6 5. Nd2 Nf5 6. Bf2 e6 7. c3 Be7 8. e4
Nh4 9. g3 Ng6 10. h4 h5 11. e5 c5 12. Bd3 cxd4 13. cxd4 Nc6 14. Nh3 Qa5 15. O-O
Nf8 16. a3 Qb6 17. Qb3 Qxb3 18. Nxb3 Nd7 19. Rac1 O-O 20. Nf4 g6 21. g4 hxg4 22.
fxg4 Kg7 23. Kg2 Rh8 24. h5 g5 25. Nh3 f6 26. exf6+ Nxf6 27. Be2 Ne4 28. Be3 Bd7
29. Bd3 Raf8 30. Bxe4 1-0

[Event "Women's Speed Chess Q1"]
[Site "chess.com INT"]
[Date "2020.06.18"]
[Round "5"]
[White "Palmero Martinez, Rachel"]
[Black "Benmesbah, Natacha"]
[Result "0-1"]
[WhiteTitle "WFM"]
[BlackTitle "WIM"]
[WhiteElo "2099"]
[BlackElo "2223"]
[WhiteFideId "3516466"]
[BlackFideId "642002"]
[EventDate "2020.06.18"]

1. e4 c5 2. Nf3 Nc6 3. d4 cxd4 4. Nxd4 Nf6 5. Nc3 e5 6. Ndb5 d6 7. Bg5 a6 8. Na3
Be6 9. Nd5 Bxd5 10. Bxf6 Qxf6 11. Qxd5 Be7 12. Bc4 O-O 13. O-O Rac8 14. c3 b5
15. Bb3 Qg6 16. Rad1 Na5 17. Nc2 Rc5 18. Qd3 Nc4 19. Bxc4 bxc4 20. Qe2 a5 21. f3
Bg5 22. a3 Qh6 23. a4 Rb8 24. Na3 Be3+ 25. Kh1 Bf4 26. h3 Qg5 27. Qe1 Rxb2 28.
Rg1 Rc8 29. Rxd6 Be3 30. Nxc4 Bxg1 31. Nxb2 Be3 32. Nc4 Bf4 33. Qd1 h5 34. Nxa5
g6 35. Kg1 Rxc3 36. Rd8+ Kg7 37. Rd7 Rc1 38. Kf2 Qg3+ 39. Ke2 Qxg2+ 0-1

[Event "Women's Speed Chess Q1"]
[Site "chess.com INT"]
[Date "2020.06.18"]
[Round "5"]
[White "Mikheeva, Galina"]
[Black "Shevtchenko, Olesya"]
[Result "0-1"]
[WhiteTitle "WFM"]
[BlackTitle "WFM"]
[WhiteElo "1901"]
[BlackElo "2054"]
[WhiteFideId "44108320"]
[BlackFideId "24131890"]
[EventDate "2020.06.18"]

1. e4 c6 2. d4 d5 3. e5 c5 4. h4 Nc6 5. c3 Bf5 6. g4 Bxb1 7. Rxb1 cxd4 8. cxd4
Qa5+ 9. Bd2 Qxa2 10. Bb5 e6 11. Bxc6+ bxc6 12. Qc2 Qa6 13. Rc1 Rc8 14. Ne2 c5
15. dxc5 Rxc5 16. Qb3 Rxc1+ 17. Bxc1 Qb6 18. Qa4+ Kd8 19. O-O Ne7 20. Bd2 Nc6
21. Rc1 Bc5 22. Kg2 Kd7 23. f4 Rc8 24. b4 Be3 25. b5 Bxd2 26. bxc6+ Rxc6 27.
Rxc6 Qxc6 28. Qxa7+ Qc7 29. Qa6 Be3 30. Qb5+ Qc6 31. Qd3 Bc5 32. Qf3 g6 33. f5
gxf5 34. gxf5 d4 35. fxe6+ fxe6 36. Nf4 Be7 37. Qxc6+ Kxc6 38. Kf3 Bxh4 39. Ke4
Kd7 40. Kxd4 Bg3 41. Nh5 Bf2+ 42. Ke4 Ke7 43. Kf3 Bd4 44. Kf4 Bb2 45. Nf6 h6 46.
Nh5 Kf7 47. Ke4 Bc1 0-1

[Event "Women's Speed Chess Q1"]
[Site "chess.com INT"]
[Date "2020.06.18"]
[Round "5"]
[White "Xu, Yuanyuan"]
[Black "Gokbulut, Julia"]
[Result "0-1"]
[WhiteTitle "WGM"]
[BlackTitle "WFM"]
[WhiteElo "2317"]
[BlackElo "1970"]
[WhiteFideId "8601089"]
[BlackFideId "4153979"]
[EventDate "2020.06.18"]

1. d4 Nf6 2. c4 e6 3. g3 d5 4. Nf3 Bb4+ 5. Nbd2 O-O 6. Bg2 c5 7. cxd5 exd5 8.
O-O cxd4 9. Nxd4 Nc6 10. N2b3 Re8 11. a3 Bf8 12. Nxc6 bxc6 13. Be3 Bg4 14. h3
Bh5 15. Rc1 Qd7 16. Re1 Ne4 17. Qd3 Rab8 18. Red1 Bg6 19. Bf4 Nxf2 20. Qf3 Nxd1
21. Bxb8 Nxb2 22. Bf4 Be4 23. Qc3 Bxg2 24. Kxg2 Rxe2+ 25. Kf3 Qe6 26. Nd2 Rh2
27. g4 Qe2+ 28. Kg3 Qf2# 0-1

[Event "Women's Speed Chess Q1"]
[Site "chess.com INT"]
[Date "2020.06.18"]
[Round "5"]
[White "Gevorgyan, Maria"]
[Black "Soumya, Swaminathan"]
[Result "1-0"]
[WhiteTitle "WGM"]
[BlackTitle "IM"]
[WhiteElo "2228"]
[BlackElo "2351"]
[WhiteFideId "13300270"]
[BlackFideId "5016193"]
[EventDate "2020.06.18"]

1. e4 c5 2. Nc3 d6 3. d4 cxd4 4. Qxd4 Nc6 5. Qd2 Nf6 6. b3 e5 7. Bb2 Be7 8.
O-O-O O-O 9. f3 a6 10. h4 b5 11. g4 b4 12. Na4 Be6 13. h5 Nxe4 14. Qg2 Bg5+ 15.
Kb1 Nc3+ 16. Bxc3 bxc3 17. f4 Bxf4 18. Qxc6 Bd2 19. Bd3 Bxg4 20. Nf3 Rc8 21. Qe4
f5 22. Qd5+ Kh8 23. h6 g6 24. Bxa6 Ra8 25. Bc4 Qc7 26. Nxd2 Ra5 27. Qd3 Bxd1 28.
Nxc3 Bg4 29. Nd5 Qb7 30. Re1 Rfa8 31. Nc3 Rc5 32. Qxd6 Qc7 33. Qf6+ 1-0

[Event "Women's Speed Chess Q1"]
[Site "chess.com INT"]
[Date "2020.06.18"]
[Round "5"]
[White "Vakhania, Aleksandra"]
[Black "Vidruska, Renate"]
[Result "1-0"]
[WhiteTitle "WIM"]
[BlackTitle "WFM"]
[WhiteElo "2138"]
[BlackElo "2045"]
[WhiteFideId "13602560"]
[BlackFideId "11601841"]
[EventDate "2020.06.18"]

1. d4 Nf6 2. Nf3 e6 3. Bg5 b6 4. Nbd2 Bb7 5. e3 Be7 6. h3 O-O 7. Bd3 h6 8. Bh4
d6 9. O-O Nbd7 10. a3 e5 11. e4 exd4 12. Nxd4 Nc5 13. Nf5 Re8 14. Re1 Bf8 15.
Qf3 g5 16. Bg3 d5 17. e5 d4 18. Nxh6+ Bxh6 19. Qxf6 Qxf6 20. exf6 Nxd3 21. cxd3
g4 22. Nc4 gxh3 23. gxh3 Kh7 24. Re7 Rxe7 25. fxe7 Re8 26. Re1 Bg5 27. Bxc7 Rxe7
28. Rxe7 Bxe7 29. Bb8 b5 30. Na5 Bc8 31. Bxa7 Bxh3 32. Bxd4 Bf5 33. Nc6 Bd6 34.
Be5 Bxe5 35. Nxe5 f6 36. Nc6 Bxd3 37. f4 Kh6 38. Kf2 Kh5 39. Ke3 Bf1 40. b3 Kg4
41. Nd4 Kg3 42. Ke4 Kg4 43. a4 bxa4 44. bxa4 Bg2+ 45. Ke3 Bb7 46. a5 Ba6 47. Nb3
Bb7 48. Nc5 Bc6 49. Ne6 Kf5 50. Nd4+ 1-0

[Event "Women's Speed Chess Q1"]
[Site "chess.com INT"]
[Date "2020.06.18"]
[Round "5"]
[White "Pham, Le Thao Nguyen"]
[Black "De Seroux, Camille"]
[Result "1/2-1/2"]
[WhiteTitle "IM"]
[BlackTitle "WIM"]
[WhiteElo "2366"]
[BlackElo "2137"]
[WhiteFideId "12401226"]
[BlackFideId "1305620"]
[EventDate "2020.06.18"]

1. d4 Nf6 2. Nf3 e6 3. Bf4 d5 4. e3 c5 5. c3 Nc6 6. Nbd2 cxd4 7. exd4 Nh5 8. Be3
Bd6 9. g3 f5 10. Ne5 g6 11. Bb5 O-O 12. Bh6 Nxe5 13. dxe5 Bxe5 14. Bxf8 Qxf8 15.
O-O f4 16. Be2 fxg3 17. fxg3 Qc5+ 18. Kg2 Ng7 19. Nf3 Nf5 20. Kh1 Ne3 21. Qd3
Nxf1 22. Nxe5 Ne3 23. Nxg6 hxg6 24. Qxg6+ Kh8 25. Bd3 Nf5 26. g4 Qe3 27. Qe8+
Kg7 28. Bxf5 Qf3+ 29. Kg1 exf5 30. Qe7+ Kg8 31. Qe8+ Kg7 32. Qe7+ Kg8 33. Qe8+
Kg7 1/2-1/2